| 000 | 00808nam a2200241 a 4500 | ||
|---|---|---|---|
| 003 | DO-SdBNP | ||
| 005 | 20240412074309.0 | ||
| 007 | ta | ||
| 008 | 220428e2021 dr ||||er|||| 001 pdspa d | ||
| 020 | _a9789945627749 | ||
| 040 |
_aDO-SdBNP _bspa _cBNPHU |
||
| 082 | 4 |
_222 _bP716s |
|
| 245 | 1 | 0 |
_aSoliloquio de fantasma / _cMagdalena Plata V.; Prólogo, Salomé Ortega Martínez |
| 260 |
_aSanto Domingo : _bSantuario, _c2021 |
||
| 300 |
_a247 p. ; _c21 cm. |
||
| 500 | _aIncluye datos biográficos de la autora en la solapa de la cubierta y en la contracubierta. | ||
| 590 | _aInventariado 2022 / MF | ||
| 650 | 0 |
_aLiteratura dominicana. _xRepública Dominicana _967 |
|
| 650 | 4 |
_980700 _aPoesía dominicana |
|
| 700 | 1 |
_aOrtega Martínez, Salomé _epról. _981524 |
|
| 910 | _aMFeliz | ||
| 942 |
_2ddc _cLBS1 |
||
| 999 |
_c51616 _d51616 |
||